<?xml version="1.0" encoding="UTF-8"?>
<record
    xmlns:xsi="http://www.w3.org/2001/XMLSchema-instance"
    xsi:schemaLocation="http://www.loc.gov/MARC21/slim http://www.loc.gov/standards/marcxml/schema/MARC21slim.xsd"
    xmlns="http://www.loc.gov/MARC21/slim">

  <leader>01376nam a2200301uu 4500</leader>
  <controlfield tag="001">1283808</controlfield>
  <controlfield tag="005">20260508074824.0</controlfield>
  <controlfield tag="008">120522s2010                        eng  </controlfield>
  <datafield tag="020" ind1=" " ind2=" ">
    <subfield code="a">9780230550742</subfield>
  </datafield>
  <datafield tag="035" ind1=" " ind2=" ">
    <subfield code="a">1283808</subfield>
  </datafield>
  <datafield tag="040" ind1=" " ind2=" ">
    <subfield code="c">comduadb</subfield>
  </datafield>
  <datafield tag="041" ind1=" " ind2=" ">
    <subfield code="a">eng</subfield>
  </datafield>
  <datafield tag="082" ind1=" " ind2="4">
    <subfield code="a">330</subfield>
  </datafield>
  <datafield tag="100" ind1="1" ind2="0">
    <subfield code="a">Berg, Annette van den</subfield>
    <subfield code="4">aut</subfield>
    <subfield code="e">aut</subfield>
    <subfield code="9">674805</subfield>
  </datafield>
  <datafield tag="245" ind1="1" ind2="0">
    <subfield code="a">Institutional economics : an introduction</subfield>
  </datafield>
  <datafield tag="260" ind1=" " ind2=" ">
    <subfield code="a">Londres :</subfield>
    <subfield code="b">Palgrave MacMillan,</subfield>
    <subfield code="c">2010.</subfield>
  </datafield>
  <datafield tag="300" ind1=" " ind2=" ">
    <subfield code="a">xix, 393 p.</subfield>
  </datafield>
  <datafield tag="500" ind1=" " ind2=" ">
    <subfield code="a">GENERAL: .-- Indice de materias.-- Glosario.</subfield>
  </datafield>
  <datafield tag="520" ind1="3" ind2=" ">
    <subfield code="a">La econom&#xED;a institucional es cada vez m&#xE1;s significativa en el campo de la zona aussi, en ciencias pol&#xED;ticas y sociolog&#xED;a. Este libro de ha asumido la comprensi&#xF3;n b&#xE1;sica de la econom&#xED;a neocl&#xE1;sica, el lanzamiento clave de las nuevas ideas, haciendo hincapi&#xE9; en la "nueva" econom&#xED;a institucional, con objetivos en las perspectivas tradicionales. Al final de cada capitulo trae conclusiones y preguntas.</subfield>
  </datafield>
  <datafield tag="650" ind1=" " ind2=" ">
    <subfield code="a">Econom&#xED;a institucional</subfield>
    <subfield code="9">61883</subfield>
  </datafield>
  <datafield tag="650" ind1=" " ind2=" ">
    <subfield code="a">Cooperaci&#xF3;n empresarial</subfield>
    <subfield code="9">91135</subfield>
  </datafield>
  <datafield tag="650" ind1=" " ind2=" ">
    <subfield code="a">Gobernabilidad en las estructuras publicas</subfield>
    <subfield code="9">198935</subfield>
  </datafield>
  <datafield tag="650" ind1=" " ind2=" ">
    <subfield code="a">Inter&#xE9;s p&#xFA;blico</subfield>
    <subfield code="9">29492</subfield>
  </datafield>
  <datafield tag="650" ind1=" " ind2=" ">
    <subfield code="a">Intervencion del Estado - Proteccion de lo publico</subfield>
    <subfield code="9">199583</subfield>
  </datafield>
  <datafield tag="700" ind1="1" ind2="0">
    <subfield code="a">Groenewegen, John,</subfield>
    <subfield code="d">1949-</subfield>
    <subfield code="4">aut</subfield>
    <subfield code="e">aut</subfield>
    <subfield code="9">677277</subfield>
  </datafield>
  <datafield tag="700" ind1="1" ind2="0">
    <subfield code="a">Spithoven, Antoon</subfield>
    <subfield code="4">aut</subfield>
    <subfield code="e">aut</subfield>
    <subfield code="9">657430</subfield>
  </datafield>
  <datafield tag="942" ind1=" " ind2=" ">
    <subfield code="c">BOOK</subfield>
  </datafield>
  <datafield tag="999" ind1=" " ind2=" ">
    <subfield code="c">615803</subfield>
    <subfield code="d">615803</subfield>
  </datafield>
  <datafield tag="952" ind1=" " ind2=" ">
    <subfield code="0">0</subfield>
    <subfield code="1">0</subfield>
    <subfield code="4">0</subfield>
    <subfield code="7">0</subfield>
    <subfield code="8">GEN</subfield>
    <subfield code="a">BC</subfield>
    <subfield code="b">BC</subfield>
    <subfield code="d">2012-05-22</subfield>
    <subfield code="e">Ktedra</subfield>
    <subfield code="g">105000.00</subfield>
    <subfield code="i">C1145087</subfield>
    <subfield code="l">0</subfield>
    <subfield code="o">330.155 B493</subfield>
    <subfield code="p">84045</subfield>
    <subfield code="r">2023-05-01 00:00:00</subfield>
    <subfield code="t">1</subfield>
    <subfield code="w">2023-05-01</subfield>
    <subfield code="y">BOOK</subfield>
  </datafield>
</record>
